00805cac a22002171u 4500008004100000010001300041020001500054020001800069082002000087100004100107245007200148246005100220260004200271300003600313500002000349650003400369650003400403942002400437999001300461952011300474081108t2001 m |||||ri 001 0 eng d a00055836 a0201612534 a978020161253000a004.22bCAR222 aCarpinelli, John D. 91802010aComputer systems organization & architecture /cJohn D. Carpinelli.3 aComputer systems organization and architecture aBoston, MA :bAddison-Wesley,cc2001. axxiii, 584 p. :bill. ;c24 cm. aIncludes index. 0aComputer organization.918021 0aComputer architecture.918022 cBBk004.22 CAR2ddc c721d721 00102ddc40708 aMAINbMAINcLOWd2006-07-25epurchasel1o004.22 CARp000003879r2025-07-15 00:00:00yBB